00584nam a2200181Ia 4500008004100000041000800041082001400049100002100063245002500084250000800109260003600117300000800153542001500161650002100176906002000197999001700217952016800234220531s9999 xx 000 0 und d aeng bIND / SIN aSingh, K.978860 aIndian Social System a1ST aLucknowbPrakashan kendrac1968 a251 d09-02-2016 aSociology978861 d2015-2016f8642 c43673d43673 00102ddc40708SociologyaSSMMbSSMMd2016-02-09eRanade, P.B.g7.00l0n1o/IND/SIN/B/25295pSSMM-BK-25295r2022-08-06 00:00:00v7.50w2022-08-06yBKz010025295